LEADER 00711cam a2200181 7i4500
001 0000023269
005 20090722090000.0
090 0 0 |a P 629.287   |b MAL 
110 2 0 |a Malaysia External Trade Development Corporation (MATRADE) 
245 2 0 |a Ukraine market for autospare parts. 
260 0 0 |a Kiev:   |b MATRADE Kiev,   |c 2009. 
300 # # |a 18 p. 
440 0 0 |a Product market study 
650 0 0 |a Automotive --   |x Equipment and supplies --   |x Markets --   |z Ukraine  
650 0 0 |a Automotive --   |x Equipment and supplies --   |x Rules and regulation --   |z Ukraine  
650 0 0 |a Automotive --   |x Equipment and supplies --   |x Distribution channels --   |z Ukraine  
651 0 0 |a Ukraine  
999 |a 0000025034  |b Book  |c Products  |e Business Information Centre